000 01073nam a2200253Ia 4500
003 OSt
005 20220930204439.0
006 a|||||r|||| 00| 0
007 ta
008 220926b |||||||| |||| 00| 0 hin d
024 _a72353
037 _cDissertations
040 _aCRL
_cCRL
_bhin
041 _2hin
_ahin
100 _aभारती, ले.
110 _aदिल्ली विश्वविद्यालय. कला संकाय. हिन्दी विभाग
245 0 _aकिनन्र कथा और अस्तित्व में अभिव्यक्त किनन्र समाज का तुलनात्मक अध्ययन
246 _aKinanra kathā aur astitva mean abhivyakta kinanra samāj kā tulanātmak adhyayana
260 _c2020
300 _a113पृ0
_ccm.
700 _aदिल्ली विश्वविद्यालय. कला संकाय. हिन्दी विभाग
942 _cDIS
_2CC
999 _c906051
_d906051